000 00572nam a2200181 a 4500
001 BRCA_1917
005 20190320203613.0
008 090608s1977----sp-a---###---#000-0#spa-#
020 _a8422609541
050 4 _aND623.L4
_b.P38 1977
100 1 _aPater, Walter
_95915
245 1 0 _aLeonardo da Vinci
_cWalter Pater.
260 _aBarcelona
_bCírculo de lectores
_c1977
300 _a48 p.
_bil. a color, láminas
_c31 cm.
600 1 4 _aLeonardo, da Vinci
_d1452-1519
_vBiografías
_95916
650 1 4 _aPintores italianos
_xRenacimiento
_ySiglos XV y XVI
_95917
942 _2lcc
_cB
999 _c1689
_d1689